000 003760000a22001570004500
003 MACL
005 20151003145421.0
008 151003b xxu||||| |||| 00| 0 eng d
040 _aMACL
_cMACL
082 _a910
245 _aTraveller Getways Uttarakhand
260 _bOutlook Publishing
_c2007
_aNew Delhi
350 _a295
650 _aTravel
_913492
942 _cBK
_k910
_2ddc
999 _c8674
_d8674